00678nam a2200217Ia 4500003000400000005001700004008004100021020002900062040001700091082002200108100002000130245005100150250001100201260002800212300001700240650002900257650002400286942000900310952012800319999001300447IIN20240202165325.0231217s9999 xx 000 0 und d cRs.595.00a9789383420698 aIINbEnglish a362.5 bDAS1 aDas, Suryatapa 1 aTextbook of Community NutritioncSuryatapa Das a2nd ed bAcademicaKolkatac2016 aviii, 256 p.1 aCommunity Health Nursing1 aCommunity Nutrition cBOOK 00102ddc40708Purches BookaIINbIINd2023-12-17g595.00l0o362.5 DASp905r2023-12-17 21:32:28w2023-12-17yBOOK c911d911